000 00927cam a22002777a 4500
001 16545
003 BD-RjUL
005 20211209000025.0
008 140213r19471943enkab a 000 0 eng d
035 _a(BD-RjUL)16600
040 _aDLC
_cDLC
_dDLC
_dBD-RjUL
_beng
041 _aeng
082 0 0 _220
_a796.522
_bSHU 1947
100 1 _aShipton, Eric,
_d1907-1977.
_951131
245 1 0 _aUpon that mountain /
_cby Eric Shipton ; with a foreword by Geoffrey Winthrop Young.
260 _aLondon :
_bHodder & Stoughton Ltd.,
_c1943. [Reprinted 1947]
300 _a222 p. :
_bill., maps ;
_c20 cm.
520 _aStory of expeditions to the Himalaya Mountains.
650 0 _aMountaineering.
_950717
651 0 _aHimalaya Mountains.
_941355
830 0 _vitem 10878.
_951135
830 0 _aSAMP early 20th-century Indian books project ;
_951136
942 _2ddc
_cBK
999 _c16545
_d16545